01620nam a2200421 i 450000100060000000300080000600500170001400600190003100700150005000800410006502000270010603500230013303500240015603500250018003500210020504000310022605000220025708000080027908200140028710000330030124501100033426400490044430000400049333600310053333700330056433800430059750000230064050400290066358801270069259001640081965000340098365000150101765500270103270000400105979700190109985600630111899900170118185490FlNmELB20241217171409.0m o d | cr cnu||||||||141102s2014 cu ob 001 0 spa d a9789591623683 (e book) a(MiAaPQ)EBC3222934 a(Au-PeEL)EBL3222934 a(CaPaEBR)ebr10903588 a(OCoLC)992038799 aFINmELBbspaerdacFINmELB 4aHD58.9bR696 2014 a6580 a658.42231 aRodríguez Pompa, Ángela.13aLa eficacia organizacional como constructo social /cÁngela Rodríguez Pompa, Juan Carlos Mayo Alegre. 1aLa Habana :bEditorial Universitaria,c2014. a1 recurso en línea (71 páginas) atextobtxt2rdacontent/spa acomputadorabc2rdamedia/spa arecurso en líneabcr2rdacarrier/spa aContiene índice. aContiene bibliografía. aDescripción basada en recurso en línea; Título de la página del título en PDF (e-libro, visto november 2, 2014). aRecurso electrónico. Santa Fe, Arg.: e-libro, 2015. Disponible vía World Wide Web. El acceso puede estar limitado para las bibliotecas afiliadas a e-libro. 0aOrganizational effectiveness. 4aGestión. 4aLibros electrónicos.1 aMayo Alegre, Juán Carlos,eautor.2 ae-libro, Corp.40uhttps://elibro.net/ereader/politecnicointernacional/100760 c85490d85490